000 00728cam a22001457a 4500
008 180718b-- xxu||||| |||| 00| 0 eng d
082 _aA81x54 91/12/PT3B/B
100 _aCensus of India 1991
245 _aKerala: economic tables
260 _aDelhi
_bThe Controller of Publications
_c--
300 _a-v-
440 _aCensus of India 1991. Series-12, Kerala. Part IIIB-B series
500 _aLibrary has v.1 2001. 969+p. Tables B-2(F), B-3(F), B-6(F), B-7(F), B-8(F), B-9(F), B-12(F), B-13(i)(F) and B-13(ii)(F);v.2. 2000. 1069+p. Tables B-14(F), B-15(i)(F), B-16(F), B-17(F) and B-18(F);v.3. 2002. 1253+p. Tables B-19(F), B-20(F), B-21(F) Part A&B, B-22(F), B023(F) and B-24(F)
650 _aKerala - Economic surveys - Census
999 _c490506
_d490506